[Event "Landesliga U20 Sued 1314"]
[Site "Bayern"]
[Date "2013.11.30"]
[Round "3.2"]
[White "Eichler, Alexander"]
[Black "Goettl, Michael"]
[Result "1/2-1/2"]
[WhiteElo "1761"]
[BlackElo "1709"]
[PlyCount "76"]
[EventDate "2013.11.16"]
[EventType "team-tourn"]
[EventRounds "7"]
[EventCountry "GER"]
[SourceTitle "EXT 2022"]
[Source "ChessBase"]
[SourceDate "2021.10.06"]
[SourceVersion "1"]
[SourceVersionDate "2021.10.06"]
[SourceQuality "1"]
[WhiteTeam "Muenchen Tarrasch U20"]
[BlackTeam "Memmingen U20"]
[WhiteTeamCountry "GER"]
[BlackTeamCountry "GER"]

1. e4 c6 2. d3 d5 3. Nd2 g6 4. g3 Nf6 5. Bg2 Bg4 6. f3 Be6 7. f4 Qb6 8. Ngf3 Na6 9. e5 Ng4 10. Qe2 Ne3 11. Nb3 Nxg2+ 12. Qxg2 Bg4 13. Bd2 Nb4 14. Bxb4 Qxb4+ 15. c3 Qb6 16. d4 Qa6 17. h3 Bf5 18. g4 Be4 19. Nc5 Bxf3 20. Qxf3 Qb6 21. 0-0 0-0-0 22. b4 e6 23. a4 h5 24. g5 Be7 25. Rfb1 Bxc5 26. bxc5 Qa6 27. Rb4 Rd7 28. Rab1 Re8 29. Kf2 Ree7 30. Ke3 Rc7 31. Qd1 Red7 32. Qb3 Re7 33. a5 Red7 34. Qd1 Re7 35. Qd3 Qxd3+ 36. Kxd3 a6 37. c4 Red7 38. cxd5 Rxd5 1/2-1/2

[Event "Landesliga U20 Sued 1011"]
[Site "Bayern"]
[Date "2011.01.22"]
[Round "5.4"]
[White "Berger, Florian"]
[Black "Eichler, Alexander"]
[Result "0-1"]
[WhiteElo "1321"]
[BlackElo "1522"]
[PlyCount "92"]
[EventDate "2010.10.16"]
[EventType "team-tourn"]
[EventRounds "7"]
[EventCountry "GER"]
[SourceTitle "EXT 2022"]
[Source "ChessBase"]
[SourceDate "2021.10.06"]
[SourceVersion "1"]
[SourceVersionDate "2021.10.06"]
[SourceQuality "1"]
[WhiteTeam "Ortenburg U20"]
[BlackTeam "Muenchen Tarrasch U20"]
[WhiteTeamCountry "GER"]
[BlackTeamCountry "GER"]

1. d4 d5 2. c4 c6 3. Bf4 Nf6 4. e3 e6 5. a3 Bd6 6. Bxd6 Qxd6 7. c5 Qc7 8. Nf3 Nbd7 9. Nc3 0-0 10. Be2 e5 11. dxe5 Nxe5 12. Nxe5 Qxe5 13. 0-0 Bf5 14. Qd4 Qe7 15. b4 a5 16. Rfe1 Rfe8 17. Bd3 Bxd3 18. Qxd3 Ne4 19. Nxe4 Qxe4 20. Qxe4 Rxe4 21. f3 Rc4 22. Rec1 axb4 23. axb4 Rxa1 24. Rxa1 Kf8 25. Rb1 Ke7 26. Kf1 Kd7 27. Ke2 Rc2+ 28. Kf1 Kc7 29. h4 b6 30. cxb6+ Kxb6 31. g3 Kb5 32. Ke1 Ra2 33. g4 Ra4 34. Kd2 Rxb4 35. Rxb4+ Kxb4 36. Kc2 Kc4 37. h5 d4 38. exd4 Kxd4 39. Kd2 c5 40. g5 c4 41. h6 gxh6 42. gxh6 c3+ 43. Kc2 Kc4 44. Kc1 Kd3 45. Kd1 c2+ 46. Kc1 f6 0-1